000 00643nam a2200253 i 4500
001 87909
003 ES-MaBCM
005 20241016125419.0
008 021122s2002 fra 000 0 fre d
020 _a2-7178-4388-4
021 _axx
035 _a(OCoLC)851198157
040 _cES-MaBCM
041 0 _afre
043 _afra
100 1 _aCherot, Jean-Yves
_99645
245 1 0 _aDroit public économique
_cJean Yves Chérot
260 _aParis :
_bEconomica,
_c2002
300 _a712 p.
_c24 cm
440 0 _aCorpus Droit Public
_9102772
650 2 7 _aDerecho público económico
_958278
651 4 _aFrancia
_9115364
942 _cBK
999 _c87909
_d87909